<?xml version="1.0" encoding="UTF-8"?>
<record
    xmlns:xsi="http://www.w3.org/2001/XMLSchema-instance"
    xsi:schemaLocation="http://www.loc.gov/MARC21/slim http://www.loc.gov/standards/marcxml/schema/MARC21slim.xsd"
    xmlns="http://www.loc.gov/MARC21/slim">

  <leader>03113nam a22003497a 4500</leader>
  <controlfield tag="001">36622</controlfield>
  <controlfield tag="003">BD-RjUL</controlfield>
  <controlfield tag="005">20211209052518.0</controlfield>
  <controlfield tag="008">140804s2007    njua     b    001 0 eng</controlfield>
  <datafield tag="020" ind1=" " ind2=" ">
    <subfield code="a">9781588296535 (hbk. : alk. paper)</subfield>
  </datafield>
  <datafield tag="020" ind1=" " ind2=" ">
    <subfield code="a">1588296539 (hbk. : alk. paper)</subfield>
  </datafield>
  <datafield tag="035" ind1=" " ind2=" ">
    <subfield code="a">(BD-RjUL)36723</subfield>
  </datafield>
  <datafield tag="040" ind1=" " ind2=" ">
    <subfield code="a">UKM</subfield>
    <subfield code="c">UKM</subfield>
    <subfield code="d">BAKER</subfield>
    <subfield code="d">BTCTA</subfield>
    <subfield code="d">YDXCP</subfield>
    <subfield code="d">COU</subfield>
    <subfield code="d">OCLCQ</subfield>
    <subfield code="d">SMI</subfield>
    <subfield code="d">DLC</subfield>
    <subfield code="d">BD-RjUL</subfield>
    <subfield code="b">eng</subfield>
  </datafield>
  <datafield tag="041" ind1=" " ind2=" ">
    <subfield code="a">eng</subfield>
  </datafield>
  <datafield tag="082" ind1="0" ind2="4">
    <subfield code="a">631.5233</subfield>
    <subfield code="2">22</subfield>
  </datafield>
  <datafield tag="245" ind1="0" ind2="0">
    <subfield code="a">Plant bioinformatics :</subfield>
    <subfield code="b">methods and protocols /</subfield>
    <subfield code="c">edited by David Edwards.</subfield>
  </datafield>
  <datafield tag="260" ind1=" " ind2=" ">
    <subfield code="a">Totowa, N.J. :</subfield>
    <subfield code="b">Humana Press,</subfield>
    <subfield code="c">c2007.</subfield>
  </datafield>
  <datafield tag="300" ind1=" " ind2=" ">
    <subfield code="a">xv, 552 p. :</subfield>
    <subfield code="b">ill. ;</subfield>
    <subfield code="c">24 cm.</subfield>
  </datafield>
  <datafield tag="490" ind1="1" ind2=" ">
    <subfield code="a">Methods in molecular biology ;</subfield>
    <subfield code="v">406</subfield>
  </datafield>
  <datafield tag="504" ind1=" " ind2=" ">
    <subfield code="a">Includes bibliographical references and index.</subfield>
  </datafield>
  <datafield tag="505" ind1="0" ind2=" ">
    <subfield code="a">The EMBL nucleotide sequence and genome reviews databases / Peter Sterk ... [et al.] -- Using GenBank / David Wheeler -- A collection of plant-specific genomic data and resources at NCBI / Tatiana Tatusova, Brian Smith-White, and James Ostell -- UniProtKB/Swiss-Prot / Emmanuel Boutet ... [et al.] -- Plant database resources at The Institute for Genomic Research / Agnes P. Chan... [et al.] -- MIPS plant genome information resources / Manuel Spannagl ...[et al.] -- HarvEST / Timothy J. Close ... [et al.] -- The TAIR database / Rebecca L. Poole -- AtEnsEMBL / Nick James ... [et al.] -- Accessing integrated Brassica genetic and genomic data using the BASC server / Christopher G. Love and David Edwards -- Leveraging model legume information to find candidate genes for soybean sudden death syndrome using the Legume Information System / Michael D. Gonzales ... [et al.] -- Legume resources : MtDB and Medicago.org / Ernest F. Retzel ... [et al.] -- BGI-RIS V2 / Ximiao He and Jun Wang -- GrainGenes / Helen O'Sullivan -- Gramene / Doreen Ware -- MaizGDB / Carolyn J. Lawrence -- BarleyBase/PLEXdb / Roger P. Wise ... [et al.] -- Reaping the benefits of SAGE / Stephen J. Robinson ... [et al.] -- Methods for analysis of gene expression in plants using MPSS / Kan Nobuta, Kalyan Vemaraju, and Blake C. Meyers -- Metabolomics data analysis, visualization, and integration / Lloyd W. Sumner, Ewa Urbanczyk-Wochniak, and Corey D. Broeckling -- KEGG bioinformatics resource for plant genomics research / Ali Masoudi-Nejad ... [et al.] -- International Crop Information System for germplasms data management / Arllet Portugal ... [et al.] -- Automated discovery of single nucleotide polymorphism and simple sequence repeat molecular genetic markers / Jacqueline Batley, Erica Jewell, and David Edwards -- Methods for gene ontology annotation / Emily Dimmer ... [et al.] -- Gene structure annotation at PlantGDB / Volker Brendel -- An introduction to BioPerl / Jason E. Stajich.</subfield>
  </datafield>
  <datafield tag="650" ind1=" " ind2="0">
    <subfield code="a">Plant biotechnology.</subfield>
    <subfield code="9">111637</subfield>
  </datafield>
  <datafield tag="650" ind1=" " ind2="0">
    <subfield code="a">Bioinformatics.</subfield>
    <subfield code="9">1480</subfield>
  </datafield>
  <datafield tag="650" ind1="1" ind2="2">
    <subfield code="a">Computational Biology.</subfield>
    <subfield code="9">35437</subfield>
  </datafield>
  <datafield tag="650" ind1="1" ind2="2">
    <subfield code="a">Plants.</subfield>
    <subfield code="9">111638</subfield>
  </datafield>
  <datafield tag="650" ind1="2" ind2="2">
    <subfield code="a">Biotechnology</subfield>
    <subfield code="x">methods.</subfield>
    <subfield code="9">111639</subfield>
  </datafield>
  <datafield tag="830" ind1=" " ind2="0">
    <subfield code="v">406.</subfield>
    <subfield code="9">111642</subfield>
  </datafield>
  <datafield tag="700" ind1="1" ind2=" ">
    <subfield code="a">Edwards, David</subfield>
    <subfield code="q">(David Brian)</subfield>
    <subfield code="9">111641</subfield>
  </datafield>
  <datafield tag="942" ind1=" " ind2=" ">
    <subfield code="2">ddc</subfield>
    <subfield code="c">BK</subfield>
  </datafield>
  <datafield tag="999" ind1=" " ind2=" ">
    <subfield code="c">36622</subfield>
    <subfield code="d">36622</subfield>
  </datafield>
  <datafield tag="952" ind1=" " ind2=" ">
    <subfield code="0">0</subfield>
    <subfield code="1">0</subfield>
    <subfield code="2">ddc</subfield>
    <subfield code="4">0</subfield>
    <subfield code="7">1</subfield>
    <subfield code="8">NFIC</subfield>
    <subfield code="a">IBSc</subfield>
    <subfield code="b">IBSc</subfield>
    <subfield code="c">Stack</subfield>
    <subfield code="d">2010-06-20</subfield>
    <subfield code="e">Karim Internatinal</subfield>
    <subfield code="g">12200.00</subfield>
    <subfield code="l">0</subfield>
    <subfield code="o">631.5233 PLA  2007</subfield>
    <subfield code="r">2014-08-04 00:00:00</subfield>
    <subfield code="t">C-1</subfield>
    <subfield code="w">2021-12-09</subfield>
    <subfield code="y">BK</subfield>
  </datafield>
</record>
